Score 0/20 Timer 04:00
1 Play Today
Question Answer Wrong Answers
Pick the Palm Tree Palm
96.5%
White Oak
0.3%
Olive
0.3%
Pick the Willow Tree Willow
95.1%
Palm
0.9%
Persian Silk Tree
1.1%
Pick the Apple Tree Apple
92.1%
Cherry
2%
Dogwood
3%
Pick the White Oak Tree White Oak
91.8%
Mangrove
3.3%
Cherry
1.9%
Pick the Maple Tree Maple
91%
Yew
4.1%
Apple
1.8%
Pick the Cherry Tree Cherry
90.7%
Mango
4.9%
Willow
1.5%
Pick the Sequoia Sequoia
90.7%
Olive
4%
Willow
2.3%
Pick the Douglas Fir Douglas Fir
87.2%
Italian Cypress
7.7%
Mango
2.1%
Pick the Eucalyptus Tree Eucalyptus
82.6%
Lemon
7%
Palm
7.6%
Pick the Yucca Yucca
80.3%
Dragon's Blood
11.5%
Olive
5.3%
Pick the Mangrove Tree Mangrove
80.3%
Persian Silk Tree
8%
Baobab
8.8%
Pick the Olive Tree Olive
76.3%
White Oak
8.4%
Persian Silk Tree
12.3%
Pick the Baobab Baobab
75.9%
Acacia
17.9%
Sequoia
3.3%
Pick the Dogwood Tree Dogwood
72.1%
Palm
4.7%
Eucalyptus
20.2%
Pick the Italian Cypress Italian Cypress
69.5%
Pecan
22.3%
Fraser Fir
5.2%
Pick the Aspen Aspen
69.1%
Maple
9.5%
Eucalyptus
18.6%
Pick the Acacia Tree Acacia
66.2%
Mangrove
6%
Mango
24.9%
Pick the Ash Tree Ash
65.9%
Aspen
26.8%
Dragon's Blood
4.6%
Pick the Dragon's Blood Tree Dragon's Blood
60.4%
Yew
20.8%
Baobab
15.8%
Pick the Yew Yew
57.2%
Dogwood
15.6%
Fraser Fir
24.3%
Remove Ads.
Support Sporcle.
Get the best of Sporcle when you Go Orange. This ad-free experience offers more features, more stats, and more fun while also helping to support Sporcle. Thank you for becoming a member.

You're not logged in!

Compare scores with friends on all Sporcle quizzes.
OR
Log In

Show Comments

Extras

Top Quizzes Today


Score Distribution

Your Account Isn't Verified!

In order to create a playlist on Sporcle, you need to verify the email address you used during registration. Go to your Sporcle Settings to finish the process.

Report this User

Report this user for behavior that violates our Community Guidelines.

Details: